Les enfants anormaux / (Record no. 33420)

MARC details
000 -LEADER
campo de control de longitud fija 00693nam a2200217 i 4500
001 - NÚMERO DE CONTROL
campo de control 33420
003 - IDENTIFICADOR DE NÚMERO DE CONTROL
campo de control ES-MaACL
005 - FECHA Y HORA DE LA ÚLTIMA TRANSACCIÓN
campo de control 20260305063017.0
007 - CAMPO FIJO DE DESCRIPCIÓN FÍSICA--INFORMACIÓN GENERAL
campo de control de longitud fija t|
008 - DATOS DE LONGITUD FIJA--INFORMACIÓN GENERAL
campo de control de longitud fija 030202s1916 fr ||||1| fre d
100 1# - ENTRADA PRINCIPAL--NOMBRE DE PERSONA
Nombre de persona Binet, Alfred,
Fechas asociadas al nombre 1857-1911
9 (RLIN) 28916
245 14 - MENCIÓN DEL TÍTULO
Título Les enfants anormaux /
Mención de responsabilidad, etc. par Alfred Binet, Th. Simon ; avec un prèface de Leon Bourgeois.
250 ## - MENCION DE EDICION
Mención de edición [2eme ed.].
260 ## - PUBLICACIÓN, DISTRIBUCIÓN, ETC.
Lugar de publicación, distribución, etc. París :
Nombre del editor, distribuidor, etc. Armand Colin,
Fecha de publicación, distribución, etc. 1916 (
Fabricante A. Dersé)
300 ## - DESCRIPCIÓN FÍSICA
Extensión XI, 211 p. ;
Dimensiones 19 cm.
650 #4 - PUNTO DE ACCESO ADICIONAL DE MATERIA--TÉRMINO DE MATERIA
Término de materia o nombre geográfico como elemento de entrada Niños con discapacidad mental-
Subdivisión general Educación.
9 (RLIN) 148837
700 1# - ENTRADA AGREGADA--NOMBRE PERSONAL
Nombre de persona Simon, Th.
9 (RLIN) 106536
700 0# - ENTRADA AGREGADA--NOMBRE PERSONAL
Nombre de persona Bourgeois, Léon.
9 (RLIN) 30985
852 ## - LOCALIZACIÓN
Ubicación ES-MaACL
Número de control de estantería G-1826
Holdings
Estatus retirado Estado de pérdida Estado de daño No para préstamo Biblioteca de origen Biblioteca actual Ubicación en estantería Fecha de adquisición Fuente de adquisición Total de préstamos Signatura topográfica completa Código de barras Visto por última vez Precio de reemplazo Tipo de ítem Koha
        Biblioteca del Ateneo de Madrid Biblioteca del Ateneo de Madrid Depósito 2 17/01/2008     G-1826 1034763 23/02/2023 23/02/2023 Libro impreso